Mammalian Orders - Statistics

General Stats
  • This quiz has been taken 220 times
  • The average score is 10 of 29
Answer Stats
Higher Taxon Order Examples % Correct
Laurasiatheria Carnivora Tiger
76%
Euarchontoglires Rodentia Rat, Squirrel
72%
Prototheria Monotrema Echidna, Platypus
70%
Laurasiatheria Chiroptera Bats
61%
Euarchontoglires Primates Lemur, Monkey
60%
Afrotheria Sirenia Manatee
59%
Euarchontoglires Lagomorpha Rabbit, pika
56%
Afrotheria Proboscidea Elephant
48%
Laurasiatheria Perissodactyla Horse
45%
Metatheria Diprotodontia Kangaroo
34%
Metatheria Didelphimorphia Opossum
33%
Afrotheria Hyracoidea Hyrax
31%
Laurasiatheria Pholidota Pangolin
30%
Xenarthra Pilosa Sloth, anteater
30%
Laurasiatheria (Cet)Artiodactyla Cattle, Whale
27%
Metatheria Dasyuromorphia Quoll, Tazmanian devil
26%
Metatheria Microbiotheria Monito del monte
25%
Euarchontoglires Dermoptera Colugo
24%
Afrotheria Tubulidentata Aardvark
23%
Afrotheria Macroscelidea Elephant shrew
22%
Euarchontoglires Scandentia Tree shrew
22%
Xenarthra Cingulata Armadillo
20%
Metatheria Notoryctemorphia Marsupial mole
19%
Metatheria Paucituberculata Rat/shrew opossum
19%
Laurasiatheria Soricomorpha Shrew
11%
Metatheria Paramelemorphia Bandicoot
8%
Laurasiatheria Erinaceomorpha Hedgehog
7%
Afrotheria Tenrecoidea Tenrec, Golden mole
5%
Laurasiatheria Solenodonta Solenodon
4%
No matching quizzes found
Score Distribution
Percent of People with Each Score
Percentile by Number Answered
Your Score History
You have not taken this quiz